000 00532nam a2200205Ia 4500
005 20250923150005.0
008 008 250917s9999 xx 000 0 eng d
037 _aTextual
040 _aDSWL
_beng
_cDSWL
041 _aeng
_2eng
084 _qDSWL
245 2 _aA directory of welfare and support services in Delhi
_c by New C.S.W.B
260 _aNew Delhi
_bThe Author
_c1998
300 _a139 p.
365 _bGift
700 _a Delhi New
_9841047
925 _gGift
942 _cTEXL
999 _c1458223
_d1458223